| 000 -LEADER |
| fixed length control field |
00718pab a2200169 454500 |
| 008 - FIXED-LENGTH DATA ELEMENTS--GENERAL INFORMATION |
| fixed length control field |
180718b1998 xxu||||| |||| 00| 0 eng d |
| 100 ## - MAIN ENTRY--PERSONAL NAME |
| Personal name |
Engineer, Asghar Ali |
| 245 ## - TITLE STATEMENT |
| Title |
Communal violence, 1998 |
| 260 ## - PUBLICATION, DISTRIBUTION, ETC. |
| Date of publication, distribution, etc. |
1998 |
| 300 ## - PHYSICAL DESCRIPTION |
| Extent |
p.3300-304 |
| 362 ## - DATES OF PUBLICATION AND/OR SEQUENTIAL DESIGNATION |
| Dates of publication and/or sequential designation |
26 Dec |
| 520 ## - SUMMARY, ETC. |
| Summary, etc. |
This year while the minor riots, involving Hindus and Muslims, took few lives, there is clearly a change in the nature of the communal situation in most states. The consistent attack on Christian minorities and their places of worship in Gujarat and the reaction of the state's BJP government is a case in point. - Reproduced |
| 650 ## - SUBJECT ADDED ENTRY--TOPICAL TERM |
| Topical term or geographic name entry element |
Violence |
| 650 ## - SUBJECT ADDED ENTRY--TOPICAL TERM |
| Topical term or geographic name entry element |
Communalism |
| 773 ## - HOST ITEM ENTRY |
| Main entry heading |
Economic and Political Weekly |
| 909 ## - |
| -- |
39816 |